000
00294nam a2200097Ia 4500
008
230915s9999 xx 000 0 und d
050
_a
RT 98 .B37 2016
100
_a
BASAVANTHAPPA, B.T
245
0
_a
PRACTICE WORKBOOK OF COMMUNITY HEALTH NURSING FOR BSC AND PB BSC NURSING STUDENTS
942
_c
BK
999
_c
200823
_d
200823